[Event "Santa Catarina-ch (Women)"]
[Site "Lages"]
[Date "2020.02.14"]
[Round "2"]
[White "Feller, Gabriela Luisa Vice"]
[Black "Moretto, Leticia Soares"]
[Result "1-0"]
[WhiteElo "1722"]
[BlackElo "1397"]
[PlyCount "53"]
[EventDate "2020.02.14"]
[EventType "swiss"]
[EventRounds "6"]
[EventCountry "BRA"]
[SourceTitle "CBM 195 Extra"]
[Source "ChessBase"]
[SourceDate "2020.05.31"]
[SourceVersion "1"]
[SourceVersionDate "2020.05.31"]
[SourceQuality "1"]

1. d4 Nf6 2. Bf4 d6 3. Nf3 g6 4. e3 Bg7 5. h3 0-0 6. Be2 Nbd7 7. 0-0 Nb6 8. Nbd2 Bd7 9. c4 e6 10. Qc2 d5 11. c5 Nc8 12. b4 a6 13. a4 Ne7 14. b5 axb5 15. axb5 c6 16. b6 Nh5 17. Bc7 Qc8 18. Nb3 f5 19. Rxa8 Qxa8 20. Ra1 Qe8 21. Ra7 Bc8 22. Na5 f4 23. Nxb7 Bxb7 24. Rxb7 fxe3 25. fxe3 Nf6 26. Rb8 Qd7 27. Ne5 1-0

[Event "Florianopolis op 5th"]
[Site "Florianopolis"]
[Date "2019.01.27"]
[Round "10"]
[White "Budag, Lucas Demetrio"]
[Black "Moretto, Leticia Soares"]
[Result "0-1"]
[WhiteElo "1741"]
[BlackElo "1384"]
[PlyCount "58"]
[EventDate "2019.01.21"]
[EventType "swiss"]
[EventRounds "10"]
[EventCountry "BRA"]
[SourceTitle "EXT 2020"]
[Source "ChessBase"]
[SourceDate "2019.10.17"]
[SourceVersion "1"]
[SourceVersionDate "2019.10.17"]
[SourceQuality "1"]

1. c4 Nf6 2. Nc3 g6 3. e4 d6 4. Nf3 Bg7 5. d4 0-0 6. Be2 Nbd7 7. 0-0 e5 8. d5 Nc5 9. b4 Nfxe4 10. Nxe4 Nxe4 11. Bd3 Nf6 12. Bb2 Re8 13. Re1 e4 14. Bxe4 Nxe4 15. Bxg7 Kxg7 16. Qd4+ Nf6 17. Rad1 Bg4 18. Qd3 Qd7 19. Rd2 Bxf3 20. Qxf3 Qg4 21. Qb3 Re7 22. f3 Qf4 23. Red1 Qe3+ 24. Qxe3 Rxe3 25. Kf2 Rae8 26. h3 Rc3 27. Rd4 Rc2+ 28. R4d2 Rxd2+ 29. Rxd2 h5 0-1

[Event "Florianopolis op 5th"]
[Site "Florianopolis"]
[Date "2019.01.21"]
[Round "1"]
[White "Moretto, Leticia Soares"]
[Black "Rodrigues, Nei Jorge"]
[Result "0-1"]
[WhiteElo "1384"]
[BlackElo "1949"]
[PlyCount "74"]
[EventDate "2019.01.21"]
[EventType "swiss"]
[EventRounds "10"]
[EventCountry "BRA"]
[SourceTitle "CBM 188 Extra"]
[Source "ChessBase"]
[SourceDate "2019.02.26"]
[SourceVersion "1"]
[SourceVersionDate "2019.02.26"]
[SourceQuality "1"]

1. d4 d5 2. c4 e6 3. Nc3 a6 4. e4 dxe4 5. Nxe4 Bb4+ 6. Bd2 Qxd4 7. Bxb4 Qxe4+ 8. Qe2 Nf6 9. Nf3 Nc6 10. Bc3 Qxe2+ 11. Bxe2 Ke7 12. 0-0 Rd8 13. Rad1 Ne8 14. Rxd8 Kxd8 15. Rd1+ Ke7 16. Bd3 h6 17. Be4 f6 18. a3 Nd6 19. Bd3 e5 20. b3 Be6 21. Bc2 b6 22. Nd2 Rd8 23. Nf3 a5 24. h3 a4 25. b4 Nxc4 26. Bxa4 Rxd1+ 27. Bxd1 Nxa3 28. Be2 Nc2 29. b5 N6d4 30. Nxd4 Nxd4 31. Bd3 Bd7 32. Bxd4 exd4 33. Kf1 Kd6 34. Ke2 Kc5 35. Kf3 Bxb5 36. Bxb5 Kxb5 37. Ke4 Kc4 0-1

[Event "Santa Catarina State-ch U20 Girls"]
[Site "Blumenau"]
[Date "2018.08.25"]
[Round "3.4"]
[White "Gilioli, Taynara Marquers"]
[Black "Moretto, Leticia Soares"]
[Result "0-1"]
[WhiteElo "1462"]
[BlackElo "1341"]
[PlyCount "73"]
[EventDate "2018.08.24"]
[EventType "swiss"]
[EventRounds "6"]
[EventCountry "BRA"]
[SourceTitle "EXT 2022"]
[Source "ChessBase"]
[SourceDate "2021.10.06"]
[SourceVersion "1"]
[SourceVersionDate "2021.10.06"]
[SourceQuality "1"]

1. e4 c5 2. Nf3 g6 3. c3 Bg7 4. d4 cxd4 5. cxd4 d6 6. Bb5+ Bd7 7. Bc4 Nc6 8. Be3 Rc8 9. Ng5 e6 10. Nf3 Na5 11. Bd3 Nc4 12. Bxc4 Rxc4 13. 0-0 Nf6 14. Bg5 Qb6 15. Nbd2 Rc8 16. Bxf6 Bxf6 17. e5 dxe5 18. dxe5 Bg7 19. Nb3 Bb5 20. Re1 0-0 21. Rc1 Rc6 22. Rxc6 Bxc6 23. Re3 Rd8 24. Qe1 Qc7 25. Na5 Bxf3 26. gxf3 Rd5 27. b4 Rxe5 28. Qe2 Rxe3 29. fxe3 b6 30. Nc4 Qe7 31. a3 Qf6 32. Qd1 Bh6 33. f4 Qc3 34. Qd8+ Kg7 35. Qc8 b5 36. Nd6 Qxe3+ 37. Kg2 0-1

[Event "Santa Catarina State-ch U20 Girls"]
[Site "Blumenau"]
[Date "2018.08.24"]
[Round "1.2"]
[White "Eger, Laura Luisa"]
[Black "Moretto, Leticia Soares"]
[Result "1-0"]
[WhiteElo "1680"]
[BlackElo "1341"]
[PlyCount "71"]
[EventDate "2018.08.24"]
[EventType "swiss"]
[EventRounds "6"]
[EventCountry "BRA"]
[SourceTitle "EXT 2022"]
[Source "ChessBase"]
[SourceDate "2021.10.06"]
[SourceVersion "1"]
[SourceVersionDate "2021.10.06"]
[SourceQuality "1"]

1. e4 c5 2. Nf3 g6 3. c3 Bg7 4. d4 cxd4 5. cxd4 d6 6. Be2 Nc6 7. Nc3 Bg4 8. d5 Bxf3 9. Bxf3 Ne5 10. Be2 Nf6 11. 0-0 0-0 12. Be3 a6 13. Rc1 Rc8 14. Qb3 b5 15. f3 Nc4 16. Bxc4 Rxc4 17. a4 Qa5 18. axb5 axb5 19. Qxb5 Qxb5 20. Nxb5 Rb4 21. Nd4 Rxb2 22. Rc7 Re8 23. Ra1 e6 24. Raa7 Rb1+ 25. Kf2 Rb2+ 26. Kg3 Nh5+ 27. Kh3 Bxd4 28. Bxd4 Nf4+ 29. Kg4 e5 30. Bxb2 h5+ 31. Kg3 Ne2+ 32. Kf2 Nf4 33. Ba3 Nd3+ 34. Ke3 Ne1 35. Bxd6 Nxg2+ 36. Kf2 1-0

[Event "Sao Bento do Sul op 06"]
[Site "Sao Bento do Sul"]
[Date "2018.06.17"]
[Round "6"]
[White "Da Cruz, Eduardo Oliveira"]
[Black "Moretto, Leticia Soares"]
[Result "1-0"]
[WhiteElo "1429"]
[BlackElo "1368"]
[PlyCount "49"]
[EventDate "2018.06.15"]
[EventType "swiss"]
[EventRounds "6"]
[EventCountry "BRA"]
[SourceTitle "EXT 2021"]
[Source "ChessBase"]
[SourceDate "2020.10.23"]
[SourceVersion "1"]
[SourceVersionDate "2020.10.23"]
[SourceQuality "1"]

1. d4 Nf6 2. Nc3 g6 3. e4 d6 4. f4 Bg7 5. Nf3 0-0 6. Bc4 e6 7. 0-0 b6 8. Qd3 Bb7 9. d5 exd5 10. Nxd5 Re8 11. Re1 Nbd7 12. Nxf6+ Bxf6 13. Bd5 Nc5 14. Qc4 Bxd5 15. Qxd5 Qe7 16. e5 dxe5 17. fxe5 Bg7 18. Bg5 Qe6 19. Rad1 h6 20. Bf6 Bxf6 21. exf6 Qxf6 22. Ne5 Rad8 23. Ng4 Rxe1+ 24. Rxe1 Rxd5 25. Nxf6+ 1-0

[Event "Sao Bento do Sul op 06"]
[Site "Sao Bento do Sul"]
[Date "2018.06.16"]
[Round "3"]
[White "Moretto, Leticia Soares"]
[Black "Belarmino, Joaquim Mengarda"]
[Result "1-0"]
[WhiteElo "1368"]
[BlackElo "1341"]
[PlyCount "72"]
[EventDate "2018.06.15"]
[EventType "swiss"]
[EventRounds "6"]
[EventCountry "BRA"]
[SourceTitle "EXT 2021"]
[Source "ChessBase"]
[SourceDate "2020.10.23"]
[SourceVersion "1"]
[SourceVersionDate "2020.10.23"]
[SourceQuality "1"]

1. d4 Nc6 2. c4 e6 3. Nc3 Nge7 4. e4 d5 5. cxd5 exd5 6. exd5 Nxd5 7. Nxd5 Qxd5 8. Nf3 Qe6+ 9. Be2 b6 10. d5 Qd7 11. dxc6 Qxc6 12. Qb3 a5 13. Bb5 Bb4+ 14. Bd2 Qxb5 15. Bxb4 axb4 16. Qe3+ Be6 17. Nd4 Qd5 18. Nxe6 fxe6 19. a3 0-0 20. 0-0 Rf6 21. axb4 Rxa1 22. Rxa1 Rg6 23. f3 Qc6 24. Qc3 Qb5 25. Qxc7 h6 26. Qc3 Qe2 27. g3 Rf6 28. Re1 Qa6 29. Qb3 b5 30. Qd3 Qb6+ 31. Qe3 Qc6 32. Kf2 Qc2+ 33. Re2 Qa4 34. Qc3 Qa7+ 35. Kg2 Qb7 36. Rc2 Kh7 1-0

[Event "BRA-ch U14 Girls"]
[Site "Florianopolis"]
[Date "2018.04.30"]
[Round "5"]
[White "Martins, Lara"]
[Black "Moretto, Leticia Soares"]
[Result "0-1"]
[WhiteElo "1232"]
[BlackElo "1284"]
[PlyCount "102"]
[EventDate "2018.04.28"]
[EventType "swiss"]
[EventRounds "6"]
[EventCountry "BRA"]
[SourceTitle "EXT 2021"]
[Source "ChessBase"]
[SourceDate "2020.10.23"]
[SourceVersion "1"]
[SourceVersionDate "2020.10.23"]
[SourceQuality "1"]

1. e4 c5 2. Nf3 g6 3. d4 cxd4 4. Nxd4 Bg7 5. Nc3 Nc6 6. Nxc6 bxc6 7. Bc4 e6 8. 0-0 d5 9. exd5 cxd5 10. Qf3 Bd7 11. Nxd5 exd5 12. Bxd5 Nf6 13. Bxa8 0-0 14. Bc6 Bg4 15. Qe3 Qc7 16. Bf3 Re8 17. Qc3 Qb8 18. Re1 Bxf3 19. Rxe8+ Qxe8 20. gxf3 Qb8 21. Qb3 Qe5 22. Qb7 Qe1+ 23. Kg2 Nh5 24. Qe4 Qa5 25. Qe8+ Bf8 26. Bh6 Ng7 27. Qc8 Qh5 28. Qh3 Qe5 29. Rd1 Ne6 30. Bxf8 Nf4+ 31. Kg3 Nxh3+ 32. Kxh3 Kxf8 33. b4 Qe6+ 34. Kg2 Qxa2 35. c3 Qc4 36. Rc1 Qb5 37. c4 Qg5+ 38. Kf1 Qxc1+ 39. Kg2 Qxc4 40. b5 h5 41. h3 f5 42. Kh2 g5 43. Kg3 Qh4+ 44. Kg2 g4 45. fxg4 fxg4 46. hxg4 hxg4 47. f4 Qh3+ 48. Kf2 Qf3+ 49. Kg1 g3 50. f5 Qf2+ 51. Kh1 Qh2# 0-1

[Event "BRA-ch U14 Girls"]
[Site "Florianopolis"]
[Date "2018.04.30"]
[Round "4"]
[White "Moretto, Leticia Soares"]
[Black "Higuchi, Giulia Moser"]
[Result "1-0"]
[WhiteElo "1284"]
[BlackElo "1275"]
[PlyCount "97"]
[EventDate "2018.04.28"]
[EventType "swiss"]
[EventRounds "6"]
[EventCountry "BRA"]
[SourceTitle "EXT 2021"]
[Source "ChessBase"]
[SourceDate "2020.10.23"]
[SourceVersion "1"]
[SourceVersionDate "2020.10.23"]
[SourceQuality "1"]

1. d4 Nf6 2. c4 e5 3. e3 exd4 4. exd4 Qe7+ 5. Qe2 Qe4 6. Nc3 Bb4 7. Bd2 Bxc3 8. Bxc3 0-0 9. Nf3 Re8 10. Qxe4 Nxe4 11. Be2 d6 12. Nd2 Nf6 13. f3 Nh5 14. Kf2 Nf4 15. Rae1 Bd7 16. g3 Nh3+ 17. Kg2 Ng5 18. Bd3 Na6 19. Ne4 Ne6 20. Re2 c5 21. Nxd6 Reb8 22. d5 Nd4 23. Bxd4 cxd4 24. a3 Nc5 25. Rd2 Rd8 26. Ne4 Nxd3 27. Rxd3 Bf5 28. Rxd4 Re8 29. Re1 Bxe4 30. Rdxe4 Kf8 31. Rxe8+ Rxe8 32. Rxe8+ Kxe8 33. Kf2 Kd7 34. Ke3 Kd6 35. Kd4 b6 36. b4 f6 37. a4 a6 38. a5 b5 39. cxb5 axb5 40. a6 Kc7 41. a7 Kb7 42. d6 g5 43. d7 Kxa7 44. d8Q g4 45. fxg4 h6 46. Kc5 Kb7 47. Qd7+ Kb8 48. Kb6 Ka8 49. Qb7# 1-0

[Event "Florianopolis op 4th"]
[Site "Florianopolis"]
[Date "2018.01.21"]
[Round "4"]
[White "Salvadego, Matheus Henrique De"]
[Black "Moretto, Leticia Soares"]
[Result "1-0"]
[WhiteElo "1719"]
[BlackElo "1300"]
[PlyCount "41"]
[EventDate "2018.01.19"]
[EventType "swiss"]
[EventRounds "10"]
[EventCountry "BRA"]
[SourceTitle "CBM 182 Extra"]
[Source "ChessBase"]
[SourceDate "2018.02.23"]
[SourceVersion "1"]
[SourceVersionDate "2018.02.23"]
[SourceQuality "1"]

1. d4 Nf6 2. c4 g6 3. Nc3 Bg7 4. e4 d6 5. Nf3 0-0 6. Be2 Nbd7 7. 0-0 e5 8. Qc2 exd4 9. Nxd4 Nb6 10. Be3 a6 11. Rfd1 Re8 12. c5 Nbd7 13. cxd6 cxd6 14. Nf3 Nb8 15. e5 Bf5 16. Qb3 Ne4 17. Nxe4 Bxe4 18. Ng5 Bc6 19. Nxf7 Qe7 20. Nxd6+ Qe6 21. Bc4 1-0